Countries Peter Crouch Scored Against - Statistics

General Stats
  • This quiz has been taken 10 times
  • The average score is 9 of 15
Answer Stats
Goals Country % Correct
2 Greece
100%
1 Croatia
89%
1 France
78%
1 Ukraine
78%
1 Austria
67%
2 Egypt
67%
1 Hungary
67%
3 Andorra
56%
1 Mexico
56%
1 Estonia
44%
1 Macedonia
44%
1 Trinidad and Tobago
44%
1 Uruguay
44%
2 Belarus
33%
3 Jamaica
33%
No matching quizzes found
Score Distribution
Percent of People with Each Score
Percentile by Number Answered
Your Score History
You have not taken this quiz